| 000 | 00420nam a22001337a 4500 | ||
|---|---|---|---|
| 008 | 230602b xxu||||| |||| 00| 0 eng d | ||
| 082 |
_a304.6096762 _bKEN |
||
| 110 | _bCentral Bureau of Statistics | ||
| 245 |
_aKenya 1999 Population and Housing Census _bAnalytical Report on Fertility and Nuptiality |
||
| 260 |
_aNairobi,Kenya _bCentral Bureau of Statitics _c2002 |
||
| 300 | _aVIII,132p | ||
| 440 | _vIV | ||
| 942 |
_2ddc _cBK |
||
| 999 |
_c178 _d178 |
||